000
00316nam a22001337a 4500
008
170922b xxu||||| |||| 00| 0 eng d
020
_a
9780072823325
041
_a
eng
080
_2
4 ED
_a
37
100
_a
46
101
_a
EDU
245
_a
ELEMENTARY MIDDLE SOCIAL STUDIES
_c
FARRIS.P.J
942
_2
udc
_c
BK
999
_c
29040
_d
29040